000
003270000a22001450004500
001
005614
003
MACL
040
_a
MACL
090
_c
17607
_d
17606
245
_a
Hayat Baad al Maut
_b
Khan Munshi Akhtar Mohd
260
_a
Rifah e Aam Prees Shahjehanpur
350
_a
6.00
650
_a
Urdu Literature
942
_k
891
_c
Book
999
_c
17496
_d
17496